| 000 | 00984cam a2200289 4500 | ||
|---|---|---|---|
| 008 | 000000n2000 000 0 eng u | ||
| 035 | _a(Sirsi) u108157 | ||
| 245 | _aFall in new homes hits Scotland | ||
| 260 | _c2000 | ||
| 490 |
_aScotsman _v1 September 2000, 9(1) |
||
| 520 | _aA series of recent surveys reveal a lack of affordable housing in Scotland. An economic boom has created a shortage of building land and driven prices up. Indications are that the shortage of public and private housing is set to get worse. | ||
| 590 | _aWB | ||
| 650 | _aSURVEYS | ||
| 650 | _aNEW HOUSING | ||
| 650 | _aNHBC | ||
| 650 | _aCOUNCIL FOR MORTGAGE LENDERS | ||
| 650 | _aGLENIGAN | ||
| 650 | _aBUILDING LAND | ||
| 650 | _aGREEN BELT LAND | ||
| 650 |
_aAffordable housing _96215 |
||
| 650 | _aSOCIAL HOUSING | ||
| 650 | _aRIGHT TO BUY | ||
| 650 | _aLAND PRICES | ||
| 650 | _aSCOTLAND | ||
| 690 | _aPROPERTY-RESIDENTIAL PROPERTY-RESIDENTIAL PROPERTY MARKET | ||
| 942 | _n0 | ||
| 999 |
_c64599 _d64599 |
||